[Strategický marketingový plán]

Recenzia na publikáciu, ktorá je rozdelená do sedemnástich kapitol a zaoberá sa problematikou strategického plánovania v marketingu, počnúc základnámi východiskami cez nevyhnutné analýzy a portfólia až k tvorbe komplexného marketingového plánu a jeho implementácii.

Gespeichert in:
Bibliographische Detailangaben
1. Verfasser: Tajtáková, Mária
Format: Buchkapitel
Sprache:Slowakisch
Schlagworte:
Tags: Tag hinzufügen
Keine Tags, Fügen Sie das erste Tag hinzu!

MARC

LEADER 00000naa$a2200000$$$4500
001 0117174
005 20240502072317.1
041 0 |a slo 
044 |a SK 
245 1 0 |a [Strategický marketingový plán]  |c Mária Tajtáková 
520 |a Recenzia na publikáciu, ktorá je rozdelená do sedemnástich kapitol a zaoberá sa problematikou strategického plánovania v marketingu, počnúc základnámi východiskami cez nevyhnutné analýzy a portfólia až k tvorbe komplexného marketingového plánu a jeho implementácii. 
610 2 0 |a plán marketingový 
610 2 0 |a plán strategický 
610 2 0 |a prostredie podnikové 
610 2 0 |a recenzie 
100 1 |a Tajtáková, Mária